Los costos en la construcción civil.

Tallennettuna:
Bibliografiset tiedot
Päätekijä: Fernández Flores, Juan Alejandro
Aineistotyyppi: Kirja
Julkaistu: San José, Costa Rica 1987
Aiheet:
Tagit: Lisää tagi
Ei tageja, Lisää ensimmäinen tagi!

MARC

LEADER 00000nam a2200000Ia 4500
003 004398
005 20221231144350.0
008 140114s1987 cr a m 000 ||s d
040 |c cru CEDI 
090 |a TFG 2005 
100 |a Fernández Flores, Juan Alejandro  |9 13922 
245 |a Los costos en la construcción civil. 
260 |c 1987  |a San José, Costa Rica 
300 |a  118 hojas ; 28 cm  
500 |a  Proyecto de graduacion (licenciatura en ingeniería civil)--Universidad de Costa Rica. Facultad de Ingeniería. Escuela de Ingeniería Civil 
650 |x CONSTRUCCION - COSTOS   |x MATERIALES DE CONSTRUCCION - COSTOS  |9 13923 
942 |c TFG 
999 |c 20783  |d 20783